| Tag |
First Indicator |
Second Indicator |
Subfields |
| LEADER |
00000cam a2200000 i 4500 |
| 001 |
in00000781237 |
| 005 |
20151017054402.0 |
| 008 |
780525s1974 mau bt s00010 eng d |
| 035 |
|
|
|a (OCoLC)03927976
|
| 035 |
|
|
|9 ADL8460AM
|
| 040 |
|
|
|a NRC
|c NRC
|d m/c
|d TXA
|d UtOrBLW
|
| 049 |
1 |
|
|a TXA2
|
| 090 |
|
|
|a GC57.2
|b .M4 no. 74-24
|
| 100 |
1 |
|
|a Kalikstein, Paul H.
|
| 245 |
1 |
4 |
|a The marketability of squid /
|c by Paul H. Kalikstein.
|
| 264 |
|
1 |
|a Cambridge :
|b Massachusetts Institute of Technology,
|c 1974.
|
| 300 |
|
|
|a 108 pages ;
|c 28 cm.
|
| 336 |
|
|
|a text
|b txt
|2 rdacontent
|
| 337 |
|
|
|a unmediated
|b n
|2 rdamedia
|
| 338 |
|
|
|a volume
|b nc
|2 rdacarrier
|
| 490 |
1 |
|
|a Massachusetts Institute of Technology. Sea Grant Project Office. Report ;
|v no. MITSG 74-24
|
| 500 |
|
|
|a "Index number 74-624-Fel."
|
| 504 |
|
|
|a References: pages 75-55.
|
| 500 |
|
|
|a Sponsored by NOAA, Office of Sea Grant on NG-43-72, Henry L. and Grace Doherty Charitable Foundation, Inc.
|
| 650 |
|
0 |
|a Squids
|x Marketing.
|
| 710 |
2 |
|
|a Massachusetts Institute of Technology.
|b Sea Grant College Program.
|
| 830 |
|
0 |
|a MIT Sea Grant College Program report ;
|v no. MITSG-74-24.
|
| 999 |
|
|
|a MARS
|
| 999 |
f |
f |
|s 834a7a2c-f72a-35ad-91cf-cfad34872aab
|i e7ca84ec-4377-3782-8375-0a6117da649e
|t 0
|
| 952 |
f |
f |
|p ric
|a Texas A&M University
|b Rellis Campus
|c Joint Library Facility
|d Remote Storage
|t 0
|e GC57.2 .M4 no.74-24
|h Library of Congress classification
|i unmediated -- volume
|m A14811449743
|
| 998 |
f |
f |
|a GC57.2 .M4 no.74-24
|t 0
|l Remote Storage
|